| 000 | 01122nam a22003017a 4500 | ||
|---|---|---|---|
| 005 | 20260420133207.0 | ||
| 008 | 260420b2026 ag ||||| |||| 00| 0 spa d | ||
| 020 |
_aTI Sentencia 19/26 fecha 14/4/26 _bSEN |
||
| 110 |
_aTribunal de Impugnación _91 |
||
| 245 |
_a"QUINTONAHUEL, SEVERINO S/ ABUSO SEXUAL CON ACCESO CARNAL" / _c Tribunal de Impugnación |
||
| 300 |
_a36 p. _bpdf |
||
| 518 | _a14/4/26 | ||
| 653 | _aABUSO SEXUAL | ||
| 653 | _aACCESO CARNAL | ||
| 653 | _aCONVIVENCIA PREEXISTENTE MENOR DE DIECIOCHO AÑOS | ||
| 653 | _aMODALIDAD CONTINUADA | ||
| 653 | _aPRUEBA DOCUMENTAL | ||
| 653 | _aCÁMARA GESELL | ||
| 653 | _aTESTIMONIO ÚNICO DE LA VÍCTIMA | ||
| 653 | _aCOHERENCIA INTERNA Y EXTERNA DEL RELATO | ||
| 653 | _aCORROBORACIÓN PERIFÉRICA | ||
| 700 | 1 |
_aPatricia Romina Lupica Cristo _948 |
|
| 700 |
_aMartini, Florencia María _911 |
||
| 700 | 1 |
_aSommer, Federico Augusto _914 _e(DISIDENCIA EN COSTAS) |
|
| 774 | _aLEG 281485/23 | ||
| 856 |
_uhttp://jurispenal.jusneuquen.gov.ar/cgi-bin/koha/opac-retrieve-file.pl?id=866fed9ac0db2394ba93701d6f0b8dae _ytexto completo |
||
| 942 |
_2ddc _cSEN |
||
| 999 |
_c1272 _d1272 |
||